|
|
|
|
| LEADER |
02504nam a22004335i 4500 |
| 001 |
978-88-470-2739-8 |
| 003 |
DE-He213 |
| 005 |
20130727041136.0 |
| 007 |
cr nn 008mamaa |
| 008 |
121009s2012 it | s |||| 0|ita d |
| 020 |
|
|
|a 9788847027398
|9 978-88-470-2739-8
|
| 024 |
7 |
|
|a 10.1007/978-88-470-2739-8
|2 doi
|
| 040 |
|
|
|d GrThAP
|
| 050 |
|
4 |
|a R1
|
| 072 |
|
7 |
|a MB
|2 bicssc
|
| 072 |
|
7 |
|a MED000000
|2 bisacsh
|
| 082 |
0 |
4 |
|a 610
|2 23
|
| 100 |
1 |
|
|a Neri, Emanuele.
|e author.
|
| 245 |
1 |
0 |
|a Il Dentascan
|h [electronic resource] /
|c by Emanuele Neri, Silvio Mazziotti.
|
| 264 |
|
1 |
|a Milano :
|b Springer Milan :
|b Imprint: Springer,
|c 2012.
|
| 300 |
|
|
|a IX, 47 pagg.
|b online resource.
|
| 336 |
|
|
|a text
|b txt
|2 rdacontent
|
| 337 |
|
|
|a computer
|b c
|2 rdamedia
|
| 338 |
|
|
|a online resource
|b cr
|2 rdacarrier
|
| 347 |
|
|
|a text file
|b PDF
|2 rda
|
| 490 |
1 |
|
|a Springer ABC,
|x 2240-7308 ;
|v 5
|
| 505 |
0 |
|
|a Introduzione -- Tecnica d’indagine -- Anatomia e punti critici.-Ruolo della TC nella valutazione preimplantare -- Altre applicazioni della TC Dentascan -- Bibliografia.
|
| 520 |
|
|
|a Il successo del trattamento chirurgico implantare è strettamente correlato a un’adeguata pianificazione dell’intervento e a una rigorosa valutazione preoperatoria. L’impiego di software di ricostruzione delle immagini dedicati alla diagnostica dentale, del tipo Dentascan, permette di ottenere ricostruzioni cross-section e simil-panoramiche (panorex) che misurano la quantità di tessuto osseo disponibile e definiscono accuratamente le strutture anatomiche contigue o la presenza di eventuali patologie associate. Questo manuale, dal taglio pratico e sintetico, affronta le principali questioni di ordine tecnico e metodologico relative allo studio TC mirato delle arcate dentarie e alla descrizione dell’anatomia e dei punti critici. Particolare rilievo è attribuito alle problematiche relative alla valutazione pre-implantologica, ai risultati e alle complicanze del trattamento, con cenni anche ad alcune indicazioni extra-implantari.
|
| 650 |
|
0 |
|a Medicine.
|
| 650 |
1 |
4 |
|a Medicine & Public Health.
|
| 650 |
2 |
4 |
|a Medicine/Public Health, general.
|
| 700 |
1 |
|
|a Mazziotti, Silvio.
|e author.
|
| 710 |
2 |
|
|a SpringerLink (Online service)
|
| 773 |
0 |
|
|t Springer eBooks
|
| 776 |
0 |
8 |
|i Printed edition:
|z 9788847027381
|
| 830 |
|
0 |
|a Springer ABC,
|x 2240-7308 ;
|v 5
|
| 856 |
4 |
0 |
|u http://dx.doi.org/10.1007/978-88-470-2739-8
|z Full Text via HEAL-Link
|
| 912 |
|
|
|a ZDB-2-SME
|
| 950 |
|
|
|a Medicine (Springer-11650)
|